[Event "Nordic School-chT"]
[Site "Jetsmark"]
[Date "2006.09.10"]
[Round "5.1"]
[White "Carlsson, Tom"]
[Black "Jensen, Frederik Jessin"]
[Result "1-0"]
[WhiteElo "1596"]
[BlackElo "1320"]
[PlyCount "75"]
[EventDate "2006.09.08"]
[EventType "team-tourn"]
[EventRounds "5"]
[EventCountry "DEN"]
[SourceTitle "EXT 2023"]
[Source "ChessBase"]
[SourceDate "2022.10.05"]
[SourceVersion "1"]
[SourceVersionDate "2022.10.05"]
[SourceQuality "1"]
[WhiteTeam "Sweden U13"]
[BlackTeam "Denmark U13 II"]
[WhiteTeamCountry "SWE"]
[BlackTeamCountry "DEN"]

1. e4 e6 2. d4 b6 3. Nf3 Bb7 4. Bd3 Be7 5. c4 d6 6. Nc3 Nd7 7. 0-0 c5 8. d5 e5 9. Nd2 Nf8 10. Bc2 Ng6 11. Ba4+ Kf8 12. Ne2 Nf6 13. Bc2 Kg8 14. f4 h6 15. Nf3 Bc8 16. fxe5 Nxe5 17. Nxe5 dxe5 18. Bd2 Ne8 19. Bd3 Nd6 20. a3 Bg5 21. Bc3 Be3+ 22. Kh1 Bd4 23. Bxd4 cxd4 24. b4 Nb7 25. Ng3 Bd7 26. Rc1 Rc8 27. Qh5 g6 28. Qxe5 Qe8 29. Qxd4 Qe7 30. e5 Kh7 31. Ne4 h5 32. Rxf7+ Qxf7 33. Ng5+ Kg7 34. Nxf7 Kxf7 35. e6+ Ke7 36. Qg7+ Kd6 37. Qxd7+ Ke5 38. Qxb7 1-0